| 000 | 00952nam a2200241 a 4500 | ||
|---|---|---|---|
| 001 | 81498 | ||
| 003 | BD-RjUL | ||
| 005 | 20230601112646.0 | ||
| 008 | 230601s2021 bg a|||| m||| 00| 0 eng d | ||
| 035 | _a(BD-RjUL)81498 | ||
| 040 |
_aBD-RjUL _beng _cBD-RjUL _dBD-RjUL |
||
| 041 | _aeng | ||
| 082 |
_a333.33095492 _bHAI 2021 _223 |
||
| 100 |
_aHaque, Md. Mojammel _97817 |
||
| 245 | 1 | 0 |
_aDigitalization of Record-of-Rights and Registration System for Transfer of land in Bangladesh / _cMd. Mojammel Haque ; _6Supervisor : Md. Hashibul Alam Prodhan |
| 260 |
_aRajshahi : _bInstitute of Bangladesh Studies, University of Rajshahi, _c2021 |
||
| 300 |
_axxii, 232 Leaves : _bill, ; _c29 cm. |
||
| 502 | _aThesis (Ph. D.) -- Institute of Bangladesh Studies, University of Rajshahi, 2021 | ||
| 504 | _aBibliography : Leaves 229-232 | ||
| 650 |
_aland Transfer _zBangladesh _97818 |
||
| 700 |
_aProdhan, Md. Hashibul Alam, Supervisor _97819 |
||
| 942 |
_2ddc _cTHE |
||
| 999 |
_c81498 _d81498 |
||